00545nam a2200169 i 4500001000700000003000900007005001700016007000300033008004100036100002600077245003900103260005100142300002200193852002100215999001900236952012000255112913ES-MaACL20230906185709.0t|061121s1933 fr r ||||1| fre d1 aMusat, Pierre.98466810aDe Marx a Hitler / cPierre Musat. aParis : bFélix Alcan, c1933 (fG. Pottier) a142 p. ; c26 cm. aES-MaACLjA-1594 c112913d112913 00104070aATENEOMbATENEOMcSPP1d2008-01-17eSCl0oA-1594p1117780r2023-02-23 00:00:00w2023-02-23yMONOGRAFIA